Neighbourhoods of Kelowna on the Map - Statistics

General Stats
  • This quiz has been taken 51 times
  • The average score is 6 of 12
Answers on the Map
Answers color-coded by a green-red scale on the quiz's map according to % correct below.
 
Answer Stats
Neighbourhood % Correct
Central City
89%
Rutland
81%
Glenmore
70%
Belgo - Black Mountain
63%
Southwest Mission
63%
North Mission - Crawford
59%
South Pandosy - K.L.O.
52%
McKinley
37%
Dilworth
33%
Quail Ridge
30%
Magic Estates
26%
Midtown
11%
No matching quizzes found
Score Distribution
Percent of People with Each Score
Percentile by Number Answered
Your Score History
You have not taken this quiz